Multi-racial society, (Record no. 60310)

MARC details
000 -LEADER
fixed length control field 00671cam a22002411 4500
001 - CONTROL NUMBER
control field sa 64007528
003 - CONTROL NUMBER IDENTIFIER
control field DLC
005 - DATE AND TIME OF LATEST TRANSACTION
control field 20260227112047.0
008 - FIXED-LENGTH DATA ELEMENTS--GENERAL INFORMATION
fixed length control field 830827q19601969ii b 000 0 eng
010 ## - LIBRARY OF CONGRESS CONTROL NUMBER
LC control number sa 64007528
035 ## - SYSTEM CONTROL NUMBER
System control number (OCoLC)9855515
040 ## - CATALOGING SOURCE
Original cataloging agency DLC
Transcribing agency MBU
Modifying agency DLC
042 ## - AUTHENTICATION CODE
Authentication code premarc
050 00 - LIBRARY OF CONGRESS CALL NUMBER
Classification number DT429
Item number .V3
100 1# - MAIN ENTRY--PERSONAL NAME
Personal name Varma, Shanti Narayan.
245 10 - TITLE STATEMENT
Title Multi-racial society,
Statement of responsibility, etc. by S.N. Varma.
260 ## - PUBLICATION, DISTRIBUTION, ETC.
Place of publication, distribution, etc. New Delhi,
Name of publisher, distributor, etc. Indian Council for Africa
Date of publication, distribution, etc. [196-]
300 ## - PHYSICAL DESCRIPTION
Extent 47 p.
Dimensions 22 cm.
500 ## - GENERAL NOTE
General note Cover title.
504 ## - BIBLIOGRAPHY, ETC. NOTE
Bibliography, etc. note Bibliographical footnotes.
651 #0 - SUBJECT ADDED ENTRY--GEOGRAPHIC NAME
Geographic name Africa, East
General subdivision Race relations.
651 #0 - SUBJECT ADDED ENTRY--GEOGRAPHIC NAME
Geographic name Africa, Central
General subdivision Race relations.

No items available.

Powered by Koha